000 00838aam a2200313 i 4500
001 768714001
003 CO-MdFUSB
005 20250522102556.0
007 ta
008 250522t1970 -us |||| |||| 00| 0 eng d
020 _a8010-4001-9
040 _cCO-MdFUSB
041 0 _aeng
082 0 4 _223
_a248.4
_bH9391f
100 1 _aHunt, Gladys M.
_eautor
245 1 0 _aFocus on family life
_c/ Gladys M. Hunt
264 1 _bBaker Book House,
_aGrand Rapids, MI., USA :
_c[1970]
264 4 _c©1970
300 _a78 páginas
336 _atexto
_btxt
_2rdacontent
337 _2rdamedia
_asin mediación
_bn
338 _2rdacarrier
_avolumen
_bnc
490 _aContemporary Discussion,
563 _aRústico
650 7 _aHombres
_xVida religiosa
_2embne
_97150
942 _cBK
945 _aJTF-925
999 _c41066
_d41066